000
00376nam a2200133Ia 4500
008
100328s9999 xx 000 0 und d
082
_b
48820
100
_a
पठाण यू.म.
245
_a
अजून आठवतंय
260
_b
ज्ञानदा
630
_a
अजून आठवतंय
730
_a
अजून आठवतंय
942
_c
BOOK
999
_c
536375
_d
536372